LEADER 00856nas a2200241 i 4500 001 000000246438 003 CaOOAMICUS 005 20151112000000.0 008 151112b it uu u0 0ita r 013 $a225343 040 $aSeMil$bita 245 10$a[1966]. 260 $aMilano :$bScuole grafiche Pavoniane Artigianelli,$c[1966] 300 $a1 v. ;$c26 cm. 500 $aManca il fasc. 4 (ottobre-dicembre). 773 0 $tNuove chiese.$d[S.l. : s.n.]$w()32796 774 0 $t[SENZA TITOLO].$w()288252 774 0 $t[SENZA TITOLO].$w()288253 774 0 $t[SENZA TITOLO].$w()288254 850 $aSeMil 852 $aSeMil$W1$xVenegono$y1$m88 6 302/1$j196784$B196784$CSeMilBibl$Z2$F207786 $85 996 $6245$a[1966]$9(OLS)http://semarc/title/281049 996 $6260$aMilano :$bScuole grafiche Pavoniane Artigianelli$9(OLS)http://semarc/publisher/37557 LEADER 00376nab a2200133 i 4500 001 000000274927 003 CaOOAMICUS 005 20180831165002.0 008 180831n xx uu u0 0und r 013 $a23879 040 $aSeMil$bita 245 10$a[vedi periodico]. 773 0 $t2008 : [2].$d[s.n.] : Ed. Coelde, 2008.$w()199141 996 $6245$a[vedi periodico]$9(OLS)http://semarc/title/309439